| 000 | 00504cam a2200181ua 4500 | ||
|---|---|---|---|
| 003 | OSt | ||
| 008 | 230510b |||||||| |||| 00| 0 eng d | ||
| 020 | _a9788122413823 | ||
| 041 | _aeng | ||
| 082 |
_a627.5 _bSAT/WA |
||
| 100 |
_a Sathya Narayana Murthy.Challa _95459 |
||
| 245 | _aWater resources engineering: principles and practice / | ||
| 250 | _a2nd | ||
| 260 |
_aNew Delhi : _bNew Age International(P) Ltd , Publishers _c2014 |
||
| 300 | _a306 | ||
| 500 | _aSection Three Drawing | ||
| 942 | _cBK | ||
| 999 |
_c12975 _d12975 |
||